Normal view
MARC view
Entry Término temático
001 - NÚMERO DE CONTROL
- campo de control: 83062
003 - IDENTIFICADOR DEL NÚMERO DE CONTROL
- campo de control: DO-SdBNP
005 - FECHA Y HORA DE LA ÚLTIMA TRANSACCIÓN
- campo de control: 20230201124724.0
008 - DATOS DE LONGITUD FIJA
- campo de control de longitud fija: 230201|| aca||aabn | a|a d
040 ## - FUENTE DE LA CATALOGACIÓN
- Centro catalogador/agencia de origen: DO-SdBNP
- Centro/agencia transcriptor: DO-SdBNP
150 ## - ENCABEZAMIENTO--TÉRMINO DE MATERIA
- Término de materia o nombre geográfico como elemento de entrada: Educación
- Subdivisión general: Historia
- Subdivisión cronológica: Era de Trujillo, 1930-1961
- Subdivisión geográfica: República Dominicana
670 ## - FUENTE DE DATOS ENCONTRADOS
- Cita de la fuente: Work cat.: (DO-SdBNP)45120: Cordero Michel, José R., 1931-1959 46170, Análisis de la era de Trujillo :, 1989
